Colores. (Registro nro. 12258)

Detalles MARC
000 -LEADER
fixed length control field 00548nam a2200193 4500
003 - CONTROL NUMBER IDENTIFIER
control field DO-SdBNP
005 - DATE AND TIME OF LATEST TRANSACTION
control field 20180215151237.0
008 - FIXED-LENGTH DATA ELEMENTS--GENERAL INFORMATION
fixed length control field 161205b 1979 xxu ||||| |||| 00| 0 spa d
020 ## - INTERNATIONAL STANDARD BOOK NUMBER
International Standard Book Number 0852293585
040 ## - CATALOGING SOURCE
Original cataloging agency BPMSU
Language of cataloging spa
Transcribing agency BPMSU
245 00 - TITLE STATEMENT
Title Colores.
260 ## - PUBLICATION, DISTRIBUTION, ETC. (IMPRINT)
Place of publication, distribution, etc. [s. l] :
Name of publisher, distributor, etc. Encyclopaedia Britannica,
Date of publication, distribution, etc. 1979.
300 ## - PHYSICAL DESCRIPTION
Materials specified 44 p. :
Other physical details il. ;
Dimensions 25 cm.
490 1# - SERIES STATEMENT
Series statement Biblioteca infantil de Britannica
Volume/sequential designation 3
830 #0 - SERIES ADDED ENTRY--UNIFORM TITLE
Uniform title Biblioteca infantil de Britannica
Volume number/sequential designation 3
942 ## - ADDED ENTRY ELEMENTS (KOHA)
Source of classification or shelving scheme Dewey Decimal Classification
Koha item type Libros
945 ## - LOCAL PROCESSING INFORMATION (OCLC)
a Inventariado, 2018 /LP
956 ## - LOCAL ELECTRONIC LOCATION AND ACCESS (OCLC)
Host name DGARCIA
Access number 10
Existencias
Withdrawn status Lost status Source of classification or shelving scheme Damaged status Not for loan Collection code Home library Current library Date acquired Source of acquisition Total Checkouts Barcode Date last seen Price effective from Koha item type Copy number
    Dewey Decimal Classification     Colección Infantil General Biblioteca Pública Metropolitana Salomé Ureña Biblioteca Pública Metropolitana Salomé Ureña 12/05/2016 Donado Fundi   BPMSU16120103 12/05/2016 12/05/2016 Libros  
    Dewey Decimal Classification     Colección Infantil General Biblioteca Pública Metropolitana Salomé Ureña Biblioteca Pública Metropolitana Salomé Ureña 12/05/2016 Donado Fundi   BPMSU16120109 12/05/2016 12/05/2016 Libros ej. 2